How'd They Meet? (Celebrity Couples) Quiz Stats

 Plays Quiz Updated Sep 7, 2012

Challenge
Share
Tweet
Embed
Score 0/27 Timer 07:00
3 Plays Today
% Correct
Brad Pitt & Angelina Jolie
93.3%
Will Smith & Jada Pinkett Smith
90.3%
Freddie Prinze Jr. & Sarah Michelle Gellar
83.9%
Nicole Kidman & Keith Urban
81.9%
Gwyneth Paltrow & Chris Martin
79.5%
Elizabeth Taylor & Richard Burton
78.5%
Marilyn Monroe & Joe DiMaggio
78.1%
Ben Affleck & Jennifer Garner
75.5%
Ellen DeGeneres & Portia DeRossi
74.4%
Tony Curtis & Janet Leigh
73%
Annette Bening & Warren Beatty
70.5%
Michael Douglas & Catherine Zeta-Jones
70%
Tom Hanks & Rita Wilson
67%
Javier Bardem & Penelope Cruz
65.2%
% Correct
Laurence Olivier & Vivien Leigh
63.6%
Harrison Ford & Calista Flockhart
62.6%
Jamie Lee Curtis & Christopher Guest
62.6%
Frank Sinatra & Mia Farrow
61%
Matthew Broderick & Sarah Jessica Parker
53.4%
Katharine Hepburn & Spencer Tracy
48.8%
Kevin Bacon & Kyra Sedgwick
48.6%
Paul Newman & Joanne Woodward
46.2%
Humphrey Bogart & Lauren Bacall
43.8%
Sandra Dee & Bobby Darin
37.9%
Lucille Ball & Desi Arnaz
33%
Melanie Griffith & Antonio Banderas
27%
John Travolta & Kelly Preston
20.2%

You're not logged in!

Compare scores with friends on all Sporcle quizzes.
Join for Free
OR
Log In

You Might Also Like...

Show Comments

Extras

Top Quizzes Today


Score Distribution

Your Account Isn't Verified!

In order to create a playlist on Sporcle, you need to verify the email address you used during registration. Go to your Sporcle Settings to finish the process.

Report this User

Report this user for behavior that violates our Community Guidelines.

Details: